LEADER 00949nam0-2200289 --450 001 9910479350703321 005 20210623131600.0 010 $a978-88-351-0700-2 100 $a20210623d2020----kmuy0itay5050 ba 101 0 $aita$cita 102 $aIT 105 $aa 001yy 200 1 $aAcquisire nuovi clienti con Linkedln$etrasformare contatti virtuali in fatturati reali$fGianluca Gambirasio, Luigi Castelletti 210 $aMilano$cFrancoAngeli$d2020 215 $a157 p.$cill.$d23 cm 320 $aContiene bibl. (pp. 145-146) 610 0 $aMarketing$aImpiego [di] Linkedin 676 $a658.8002854678$v23$zita 700 1$aGambirasio,$bGianluca$0804952 701 1$aCastelletti,$bLuigi$c$0804953 801 0$aIT$bUNINA$gREICAT$2UNIMARC 901 $aBK 912 $a9910479350703321 952 $aVI I 241$b1499/2021$fFSPBC 959 $aFSPBC 996 $aAcquisire nuovi clienti con Linkedln$91807308 997 $aUNINA LEADER 03962oam 22005894a 450 001 9910524860103321 005 20230621141128.0 010 $a0-8018-0022-6 010 $a1-4214-3617-5 035 $a(CKB)4100000010460895 035 $a(OCoLC)1124071237 035 $a(MdBmJHUP)muse78519 035 $a(oapen)https://directory.doabooks.org/handle/20.500.12854/88982 035 $a(MiAaPQ)EBC29139045 035 $a(Au-PeEL)EBL29139045 035 $a(oapen)doab88982 035 $a(OCoLC)1526863330 035 $a(EXLCZ)994100000010460895 100 $a20190926d2019 uy 0 101 0 $aeng 135 $aur|||||||nn|n 181 $ctxt$2rdacontent 182 $cc$2rdamedia 183 $acr$2rdacarrier 200 12$aA Baronial Family in Medieval England$eThe Clares, 1217-1314 /$fby Michael Altschul 205 $a1st ed. 210 $cJohns Hopkins University Press 215 $a1 online resource (1 online resource (332 pages :)$cgenealogical tables) 225 0 $aJohns Hopkins University. Studies in historical and political science ;$vser. 83, no. 2 300 $aBased on doctoral thesis, Johns Hopkins University, 1962. 300 $aOriginally published as Johns Hopkins Press, 1965 311 08$a1-4214-3618-3 311 08$a1-4214-3619-1 320 $aIncludes bibliographical references (pages 309-320) and index. 327 $aCover -- Copyright -- Table of Contents -- Preface -- List of Abbreviations -- Part I: The Family -- I. The Family As a Social Unit in the Thirteenth Century -- Introductory. The Inheritance, 1066-1217 -- The Family, 1217-1317 -- II. The Earls of Gloucester and Henry III, 1217-1262 -- The First Earl and the Minority -- Earl Richard and Glamorgan -- The Movement for Reform, 1258-1262 -- III. Earl Gilbert the Red and the Barons' War -- Amiens, Lewes, and Evesham -- The Disinherited -- IV. Earl Gilbert the Red and Edward I -- Caerphilly Castle -- The Welsh Wars -- Trouble on the March -- V. The Last Earl -- Bannockburn -- The Partition -- VI. Younger Brothers -- Bogo de Clare: "Nee Rector sed Incubator -- Thomas de Clare and Ireland -- Part II: The Estates -- VII. Earl of Gloucester -- Introductory. The Wealth of the Earls -- The Structure of Landed Property -- Estate Administration -- The Household -- VIII. Lord of the March -- Englishry and Welshry -- The Administration of the Lordships -- The Law of the March -- IX. Lord of Kilkenny -- X. Conclusions -- Appendices -- I. Values of Some Clare Estates -- II. List of Estates in the Partition of 1317-20 -- III. Ecclesiastical Offices of Bogo de Clare -- Bibliography -- Index -- Genealogical Tables Following -- I. The Clares, ca. 1000-1217 -- II. The Clares, 1217-1314 -- III. The Cadet Branches of the Family -- IV. The Descendants. 330 $aOriginally published in 1965. In A Baronial Family in Medieval England: The Clares, 1217?1314, Michael Altschul studies the Clare family during the thirteenth century. The Clares spearheaded the struggle to enforce Magna Carta in the Barons' War. Historians prior to Altschul tended to neglect the Clares' history given the scattered nature of the archives documenting their time as a politically influential and powerful family. This book unfolds chronologically, outlining the Clares' rise to preeminence and describing how they administered their estates and income. 410 0$aJohns Hopkins University studies in historical and political science ;$vser. 83, no. 2. 606 $aFeudalism$2fast$3(OCoLC)fst00923488 606 $aFeodalite$zGrande-Bretagne 606 $aFeudalism$zGreat Britain 607 $aGreat Britain$2fast 615 0$aFeudalism. 615 0$aFeodalite 615 0$aFeudalism 676 $a929.72 700 $aAltschul$b Michael$01168420 801 0$bMdBmJHUP 801 1$bMdBmJHUP 906 $aBOOK 912 $a9910524860103321 996 $aA Baronial Family in Medieval England$92721009 997 $aUNINA